[Event "AUTO-INT-1468"]
[Site "http://www.queenalice.com/game.php?id=774368"]
[Date "2010.5.12"]
[Round "2"]
[White "francky78"]
[Black "merlin"]
[Result "0-1"]
[WhiteElo "1757"]
[BlackElo "1754"]

1. e4 c5 2. d4 cxd4 3. Qxd4 Nc6 4. Qa4 e6 5. c3 Nf6 6. Nf3 Bd6 7. Bd3 a5 8. O-O
g6 9. Be3 b6 10. Nbd2 Qc7 11. Nc4 Ng4 12. h3 Nge5 13. Nfxe5 Nxe5 14. Nxe5 Bxe5
15. f4 Bd6 16. Kh1 O-O 17. g3 Bb7 18. Kg1 Qc8 19. Qc2 Bc5 20. Bxc5 Qxc5+ 21. Kh2
d5 22. Rac1 Ba6 23. Bxa6 Rxa6 24. Qd3 b5 25. e5 Ra7 26. a3 a4 27. h4 f5 28. exf6
Rxf6 29. Qe2 Rg7 30. Qe5 Kf7 31. g4 Qc4 32. Rfe1 Qxf4+ 33. Qxf4 Rxf4 34. Kg3 Rf6
35. Rf1 h5 36. Rxf6+ Kxf6 37. g5+ Ke5 38. Re1+ Kd6 39. Re2 Rf7 40. Rf2 Rc7 41.
Rf6 Rg7 42. Kf4 Rg8 43. Rf7 e5+ 44. Ke3 Kc6 45. Rf6+ Kc5 46. Kd3 e4+ 47. Kd2 d4
48. cxd4+ Kd5 49. Rb6 Kxd4 50. Rxb5 e3+ 51. Ke2 Re8 52. Rb4+ Kc5 53. Rxa4 Kb5
54. Rb4+ Kc5 55. Rb3 Re4 56. Rd3 Rxh4 57. Kxe3 Rh3+ 0-1

[Event "AUTO-INT-1468"]
[Site "http://www.queenalice.com/game.php?id=774369"]
[Date "2010.5.12"]
[Round "2"]
[White "merlin"]
[Black "francky78"]
[Result "0-1"]
[WhiteElo "1738"]
[BlackElo "1740"]

1. e4 c5 2. Nc3 a6 3. a4 e6 4. b3 Nc6 5. Nf3 Be7 6. d4 cxd4 7. Nxd4 Ne5 8. Bd2
Nf6 9. Be2 O-O 10. f4 Nc6 11. Nf3 d5 12. e5 Nd7 13. Na2 f6 14. exf6 Bxf6 15. c3
d4 16. cxd4 Nb6 17. Bc3 Nd5 18. Qd2 Be7 19. g3 Bd6 20. Rg1 Bd7 21. Ne5 Nxe5 22.
dxe5 Bc5 23. Bb4 Bxb4 24. Nxb4 Nb6 25. Bd3 Qe7 26. Rc1 Rac8 27. Ke2 g6 28. a5
Na8 29. h4 Rcd8 30. Rgd1 Bc8 31. Qe1 Nc7 32. g4 Rxf4 33. Qg3 Rdf8 34. Rf1 Rxf1
35. Rxf1 Rxf1 36. Kxf1 Qxb4 37. Bc4 Qxa5 38. Qd3 Nd5 39. Ke2 Nf4+ 0-1

[Event "Challenge"]
[Site "http://www.queenalice.com/game.php?id=780055"]
[Date "2010.5.24"]
[Round "-"]
[White "jjjcarvalho"]
[Black "francky78"]
[Result "0-1"]
[WhiteElo "1715"]
[BlackElo "1750"]

1. e4 c5 2. Nf3 a6 3. Bc4 e6 4. d3 Nc6 5. Nc3 Be7 6. Bf4 d6 7. O-O h6 8. Re1 e5
9. Bg3 Nf6 10. Nd5 O-O 11. h3 b5 12. Bb3 Re8 13. c4 Nxd5 14. exd5 Na7 15. Rc1
Bf6 16. a4 Bd7 17. axb5 axb5 18. Nd2 Nc8 19. cxb5 Bxb5 20. Nf3 e4 21. dxe4 Bxb2
22. Rc2 Bf6 23. Bc4 Ba4 24. e5 dxe5 25. Bxe5 Bxc2 26. Qxc2 Bxe5 27. Rxe5 Rxe5
28. Nxe5 Qd6 29. f4 f6 30. Ng6 Nb6 31. Qe4 Nxc4 32. Ne7+ Kh8 33. Ng6+ Kg8 34.
Qxc4 Kf7 35. f5 Ra1+ 36. Kf2 Ra3 37. Qe4 Qg3+ 38. Kf1 Ra1+ 39. Ke2 Re1+ 40. Kd2
Rxe4 41. d6 Qxd6+ 42. Kc3 Qd4+ 43. Kc2 Re2+ 0-1

[Event "Let's Play Chess!"]
[Site "http://www.queenalice.com/game.php?id=780866"]
[Date "2010.5.26"]
[Round "-"]
[White "francky78"]
[Black "zemaria"]
[Result "0-1"]
[WhiteElo "1752"]
[BlackElo "1792"]

1. e4 e5 2. Nf3 Nc6 3. Bb5 d6 4. Bxc6+ bxc6 5. O-O Nf6 6. d4 Bd7 7. dxe5 Nxe4 8.
Re1 Nc5 9. exd6+ Be6 10. dxc7 Qxc7 11. Nc3 Rd8 12. Qe2 Be7 13. h3 O-O 14. Be3
Nd7 15. a3 Bf6 16. Bd4 Rfe8 17. Bxf6 Nxf6 18. Qf1 Qb7 19. b3 Nd7 20. Na4 h6 21.
Nh2 c5 22. Nf3 Bd5 23. Rxe8+ Rxe8 24. Nc3 Bxf3 25. gxf3 Qc6 26. Qg2 Re6 27. f4
Rg6 0-1

[Event "Let's Play Chess!"]
[Site "http://www.queenalice.com/game.php?id=780867"]
[Date "2010.5.26"]
[Round "-"]
[White "zemaria"]
[Black "francky78"]
[Result "1/2-1/2"]
[WhiteElo "1750"]
[BlackElo "1811"]

1. e4 c5 2. Nf3 a6 3. d4 cxd4 4. Nxd4 e5 5. Nb3 Nc6 6. Nc3 Nf6 7. f3 Bb4 8. Bd2
O-O 9. a3 Bxc3 10. Bxc3 d5 11. exd5 Nxd5 12. Bd2 Qb6 13. Qc1 f5 14. Bc4 Be6 15.
Bxd5 Bxd5 16. Be3 Qc7 17. Qd2 Rad8 18. Qc3 Qe7 19. Bc5 Qf7 20. Bxf8 Qxf8 21. O-O
Kh8 22. Rad1 Qe7 23. Rf2 Nd4 24. Re1 Qf6 25. Rd2 Bxb3 26. cxb3 h6 27. Red1 f4
28. Kf1 Kh7 29. Rc1 Rd7 30. Rd3 Re7 31. Qb4 Nc6 32. Qe4+ g6 33. Qd5 h5 34. Rcd1
Nd4 35. Rxd4 exd4 36. Rxd4 g5 37. Rd2 h4 38. h3 Rc7 1/2-1/2

[Event "Let's Play Chess!"]
[Site "http://www.queenalice.com/game.php?id=792048"]
[Date "2010.6.18"]
[Round "-"]
[White "francky78"]
[Black "nchessm"]
[Result "0-1"]
[WhiteElo "1796"]
[BlackElo "2140"]

1. b3 d5 2. Bb2 Nf6 3. e3 c5 4. Nf3 e6 5. c4 dxc4 6. Bxc4 Nc6 7. O-O Be7 8. d4
O-O 9. Nbd2 cxd4 10. exd4 b6 11. Qc2 Bb7 12. Rad1 Rc8 13. Qb1 Qc7 14. a3 Rfd8
15. Rfe1 a6 16. Qa1 b5 17. Bf1 b4 18. Nc4 bxa3 19. Bxa3 Nb4 20. Bxb4 Bxb4 21.
Re5 a5 22. Nxa5 Bxf3 23. gxf3 Ra8 0-1

[Event "Challenge"]
[Site "http://www.queenalice.com/game.php?id=800174"]
[Date "2010.7.7"]
[Round "-"]
[White "Mike36bh"]
[Black "francky78"]
[Result "0-1"]
[WhiteElo "1753"]
[BlackElo "1765"]

1. d4 d5 2. Nc3 Nc6 3. Bf4 Nf6 4. Nb5 e5 5. dxe5 Nh5 6. e3 a6 7. Nc3 d4 8. Qxh5
dxc3 9. bxc3 g6 10. Qe2 Bg7 11. Rd1 Qe7 12. h3 Nxe5 13. Qd2 O-O 14. Be2 Be6 15.
Bxe5 Bxe5 16. Nf3 Bf6 17. O-O Rad8 18. Bd3 c5 19. c4 Bxc4 20. Rfe1 Bxa2 21. Qe2
Bc3 22. Rf1 Bd5 23. Bc4 Be6 24. Bxe6 Qxe6 0-1

[Event "Challenge"]
[Site "http://www.queenalice.com/game.php?id=831198"]
[Date "2010.9.11"]
[Round "-"]
[White "francky78"]
[Black "cyrillt"]
[Result "1-0"]
[WhiteElo "1795"]
[BlackElo "1807"]

1. e4 e5 2. Nf3 Nc6 3. Bb5 Bc5 4. c3 Nf6 5. O-O Nxe4 6. d4 Bd6 7. Re1 Nf6 8.
Bxc6 bxc6 9. dxe5 O-O 10. exd6 cxd6 11. Qxd6 Bb7 12. Bg5 Rc8 13. Nbd2 c5 14. Qd3
d5 15. h3 Qd6 16. Ne5 Ba6 17. c4 d4 18. Bh4 Rce8 19. Bg3 Nd7 20. Nxd7 Qxd7 21.
Ne4 Qf5 22. f3 Re6 23. b3 Rfe8 24. Qd2 Bb7 25. Nd6 Rxe1+ 26. Rxe1 Rxe1+ 27. Qxe1
Qd7 28. Qe5 d3 29. Bf4 Bc6 30. Qxc5 h6 31. Qd4 Qe7 32. Qxd3 Qe1+ 33. Kh2 Qf2 34.
a4 Qa2 35. Nc8 g5 36. Bxg5 Kg7 37. Qd4+ Kh7 38. Qd3+ Kg7 39. Bh4 f6 40. Nxa7 Be8
41. Qc3 Kg8 42. Bxf6 Qf2 43. Bd4 Qe2 44. Be5 Kf7 45. Nc8 Ke6 46. Bf4 Kd7 47.
Nb6+ Kc6 48. Nd5 h5 49. Qf6+ Kd7 50. Qd6+ Kc8 51. Qc7# 1-0

[Event "Challenge"]
[Site "http://www.queenalice.com/game.php?id=833498"]
[Date "2010.9.16"]
[Round "-"]
[White "jjjcarvalho"]
[Black "francky78"]
[Result "0-1"]
[WhiteElo "1687"]
[BlackElo "1809"]

1. e4 c5 2. Nf3 e6 3. Nc3 a6 4. Bc4 Ne7 5. d3 d6 6. Bg5 f6 7. Bh4 Ng6 8. Bg3 Be7
9. Qd2 Bd7 10. O-O O-O 11. Rab1 Kh8 12. a3 Nc6 13. b4 cxb4 14. axb4 b5 15. Bb3
f5 16. exf5 Rxf5 17. Ne4 d5 18. Nc5 Bxc5 19. bxc5 h6 20. Rbe1 Kg8 21. Bd6 a5 22.
c4 dxc4 23. dxc4 a4 24. Bc2 Rf6 25. Re2 b4 26. Bxg6 Rxg6 27. Ne5 Nxe5 28. Rxe5
b3 29. Qb2 Qh4 30. f3 Qxc4 31. Rc1 Qb5 32. Re3 Bc6 33. Kf2 Bd5 34. Rec3 a3 35.
Qb1 b2 36. Qxg6 a2 37. Be5 Ra7 38. Ra3 a1=Q 39. Rcxa1 bxa1=Q 40. Bxa1 Qxc5+ 41.
Kf1 Qxa3 42. Bf6 Bc4+ 43. Kf2 Qd6 44. Qe8+ Kh7 45. Bc3 Ra2+ 46. Ke1 Re2+ 0-1

[Event "AUTO-ADV-1920"]
[Site "http://www.queenalice.com/game.php?id=839828"]
[Date "2010.9.30"]
[Round "1"]
[White "francky78"]
[Black "MarTraM"]
[Result "0-1"]
[WhiteElo "1820"]
[BlackElo "2120"]

1. b3 d5 2. d4 c6 3. Bb2 Nf6 4. e3 Bf5 5. Be2 e6 6. Nd2 Bb4 7. c3 Bd6 8. Ngf3
O-O 9. O-O h6 10. Ne5 Bxe5 11. dxe5 Ne4 12. f3 Nxd2 13. Qxd2 Nd7 14. f4 c5 15.
Rac1 a6 16. c4 dxc4 17. Bxc4 b5 18. Be2 Nb6 19. Qxd8 Raxd8 20. Rfd1 Bg6 21. a3
Nd5 22. Kf2 Rc8 23. Bf3 Rfd8 24. g3 c4 25. bxc4 bxc4 26. Bxd5 exd5 27. g4 Be4
28. h4 Rb8 29. Bc3 Rb3 30. Bb4 Ra8 31. f5 Re8 32. Bd6 Rc8 33. g5 hxg5 34. hxg5
c3 35. f6 gxf6 36. gxf6 c2 37. Rd2 Rb1 0-1

[Event "AUTO-ADV-1920"]
[Site "http://www.queenalice.com/game.php?id=839829"]
[Date "2010.9.30"]
[Round "1"]
[White "MarTraM"]
[Black "francky78"]
[Result "1-0"]
[WhiteElo "2136"]
[BlackElo "1816"]

1. d4 g6 2. c4 Bg7 3. Nc3 e6 4. Nf3 Ne7 5. e4 d6 6. Be2 O-O 7. O-O c6 8. h3 Bd7
9. Bg5 f6 10. Bh4 e5 11. d5 Nc8 12. b4 Na6 13. a3 Nc7 14. c5 Qe7 15. cxd6 Nxd6
16. Nh2 g5 17. Bg3 h6 18. Rc1 a6 19. Bg4 Bxg4 20. Nxg4 Qe8 21. Re1 Ncb5 22. a4
Nd4 23. f3 f5 24. exf5 N6xf5 25. Bxe5 Bxe5 26. Nxe5 Qd8 27. g4 Nh4 28. Qxd4
Nxf3+ 29. Nxf3 Rxf3 30. Kg2 Qf8 31. Ne4 Rd8 32. Qc5 cxd5 33. Qxf8+ Rfxf8 34. Nc5
Rf7 35. Re6 d4 36. Rb6 d3 37. Rd1 d2 38. Ne4 Kg7 39. Rxd2 Rdd7 40. Rxd7 Rxd7 41.
Nc5 1-0

[Event "AUTO-ADV-1920"]
[Site "http://www.queenalice.com/game.php?id=839830"]
[Date "2010.9.30"]
[Round "1"]
[White "francky78"]
[Black "Michihall"]
[Result "0-1"]
[WhiteElo "1813"]
[BlackElo "1842"]

1. b3 d5 2. Bb2 Bg4 3. h3 Bh5 4. g4 Bg6 5. Bg2 Nc6 6. d3 e5 7. Nd2 Nf6 8. a3 Bd6
9. Ngf3 O-O 10. O-O a6 11. Re1 Re8 12. e4 d4 13. Nc4 b5 14. Ncd2 h6 15. Nh2 Re6
16. c4 Ne7 17. Ndf3 c5 18. Nh4 Bh7 19. Nf5 Rb8 20. cxb5 axb5 21. Qd2 Nxf5 22.
gxf5 Re7 23. Qe2 g6 24. fxg6 Bxg6 25. Qf3 Kg7 26. Ng4 Nxg4 27. hxg4 Re6 28. Qg3
Rf6 29. Bc1 Qc7 30. g5 hxg5 31. Qxg5 Rh8 32. Bd2 Rh5 33. Qg4 Qe7 34. a4 Qe8 35.
Qg3 bxa4 36. bxa4 Bc7 37. f3 Ra6 38. Kf2 Rxa4 39. Bh3 Bd8 40. Rxa4 Qxa4 0-1

[Event "AUTO-ADV-1920"]
[Site "http://www.queenalice.com/game.php?id=839831"]
[Date "2010.9.30"]
[Round "1"]
[White "Michihall"]
[Black "francky78"]
[Result "1-0"]
[WhiteElo "1857"]
[BlackElo "1798"]

1. d4 d5 2. c4 dxc4 3. Nc3 e6 4. e4 c6 5. Bxc4 Be7 6. Nf3 Nf6 7. O-O O-O 8. Bg5
Nbd7 9. h3 h6 10. Bh4 Nb6 11. Bb3 g5 12. Bg3 Nh7 13. e5 Nd5 14. Qd3 Kg7 15. Bc2
Rh8 16. a4 a6 17. Nd2 Nf8 18. Nde4 Nb4 19. Qd2 b6 20. f4 f5 21. exf6+ Bxf6 22.
Nxf6 Qxf6 23. fxg5 Qxg5 24. Qxg5+ hxg5 25. Be5+ Kg8 26. Bxh8 Nxc2 27. Rac1 Ne3
28. Rce1 Nxf1 29. Rxf1 Bd7 30. Be5 Nh7 31. b4 Rf8 32. Rxf8+ Nxf8 33. Bf6 Nh7 34.
Ne4 Kf7 35. Bxg5 Nxg5 36. Nxg5+ Kg6 37. h4 Kh5 38. g3 Kg4 39. Kf2 b5 40. a5 Bc8
41. Nf7 1-0

[Event "AUTO-ADV-1920"]
[Site "http://www.queenalice.com/game.php?id=839832"]
[Date "2010.9.30"]
[Round "1"]
[White "francky78"]
[Black "Hermano"]
[Result "1-0"]
[WhiteElo "1784"]
[BlackElo "1556"]

1. e4 c5 2. d4 e6 3. d5 a6 4. dxe6 fxe6 5. Nc3 d6 6. Nf3 h6 7. Bd3 Ne7 8. e5 d5
9. O-O Nd7 10. Re1 c4 11. Be2 Qc7 12. Bf4 g5 13. Bg3 Bg7 14. Bf1 Ng6 15. Qd2
Ndxe5 16. Qe3 Nxf3+ 17. Qxf3 Qd7 18. Rad1 Bxc3 19. Qxc3 Rf8 20. Bxc4 Rf5 21. Bd3
d4 22. Qc7 Qxc7 23. Bxc7 Rf6 24. Bxg6+ Rxg6 25. Rxd4 Kf7 26. f4 b5 27. fxg5 hxg5
28. h3 Ra7 29. Be5 a5 30. g4 Ke7 31. c3 a4 32. a3 Bb7 33. Bd6+ Kf7 34. Bc5 1-0

[Event "AUTO-ADV-1920"]
[Site "http://www.queenalice.com/game.php?id=839833"]
[Date "2010.9.30"]
[Round "1"]
[White "Hermano"]
[Black "francky78"]
[Result "0-1"]
[WhiteElo "1511"]
[BlackElo "1791"]

1. e4 c5 2. Nf3 e6 3. b3 a6 4. Bb2 d6 5. d4 cxd4 6. Bxd4 Nc6 7. Bb2 Be7 8. Bxg7
Bf6 9. Bxh8 Bxh8 10. c3 d5 11. exd5 exd5 12. Qc2 Nf6 13. Nbd2 Be6 14. Rd1 Qd7
15. c4 Bf5 16. Qc3 O-O-O 17. Bd3 Bxd3 18. Qxd3 Re8+ 19. Kf1 Nb4 20. Qb1 Kb8 21.
a3 Nc6 22. h3 d4 23. Ng5 h6 24. Nge4 Nxe4 25. Nxe4 b6 26. g3 f5 27. Nd2 Bf6 28.
Kg2 Bg5 29. h4 Bf6 30. Rhe1 Rg8 31. Kh2 Qd6 32. Nf3 f4 33. Rg1 fxg3+ 34. fxg3
Rg4 35. Qf5 Rg7 0-1

[Event "Challenge"]
[Site "http://www.queenalice.com/game.php?id=865408"]
[Date "2010.11.29"]
[Round "-"]
[White "jjjcarvalho"]
[Black "francky78"]
[Result "1-0"]
[WhiteElo "1831"]
[BlackElo "1786"]

1. e4 c5 2. Nf3 e6 3. Bc4 a6 4. c3 Be7 5. d4 cxd4 6. cxd4 d5 7. exd5 exd5 8. Bb3
h6 9. Nc3 Be6 10. h3 Nf6 11. a3 O-O 12. Bf4 Nc6 13. Ne5 Bd6 14. Nxc6 bxc6 15.
Bxd6 Qxd6 16. O-O Qd7 17. f4 g6 18. Qf3 Rfb8 19. Na4 Bf5 20. Nc5 Qd6 21. Rfe1
Re8 22. g4 Rxe1+ 23. Rxe1 Be4 24. Nxe4 Nxe4 25. Re2 Kg7 26. Bc2 f5 27. gxf5 gxf5
28. Rg2+ Kh7 29. Qh5 Ra7 30. Qxf5+ Kh8 31. Bxe4 dxe4 32. Qxe4 Re7 33. Qf5 Qxd4+
34. Kh2 Qd7 35. Qf8+ 1-0

[Event "AUTO-ADV-2028"]
[Site "http://www.queenalice.com/game.php?id=881766"]
[Date "2011.1.5"]
[Round "1"]
[White "sandromm"]
[Black "francky78"]
[Result "0-1"]
[WhiteElo "1715"]
[BlackElo "1807"]

1. e4 c5 2. Nf3 e6 3. g3 a6 4. Bg2 Be7 5. O-O d6 6. d3 Nc6 7. c3 e5 8. Nbd2 Nf6
9. Nc4 b5 10. Ne3 Be6 11. Ng5 O-O 12. Nxe6 fxe6 13. h4 h6 14. Ng4 d5 15. exd5
exd5 16. Nxf6+ Bxf6 17. b3 Rc8 18. Bb2 d4 19. c4 b4 20. Bxc6 Rxc6 21. Qf3 Bxh4
22. gxh4 Rxf3 23. Rfe1 Re6 24. Re4 Rg6+ 25. Kf1 Qf6 26. Rae1 Rxf2# 0-1

[Event "AUTO-ADV-2028"]
[Site "http://www.queenalice.com/game.php?id=881767"]
[Date "2011.1.5"]
[Round "1"]
[White "francky78"]
[Black "sandromm"]
[Result "1-0"]
[WhiteElo "1819"]
[BlackElo "1716"]

1. e4 c5 2. d4 cxd4 3. Qxd4 Nc6 4. Qa4 e6 5. Nf3 a6 6. c3 b5 7. Qd1 Nf6 8. Bd3
Bb7 9. Qc2 Bc5 10. h3 Nd4 11. cxd4 Be7 12. O-O O-O 13. Re1 Rc8 14. Qb3 d5 15. e5
Nd7 16. a3 f6 17. Bf4 g5 18. Bh2 h5 19. Nc3 f5 20. Qd1 Rf7 21. Nd2 Qf8 22. f4
Rg7 23. Qxh5 gxf4 24. Bxf4 Qf7 25. Qf3 Qg6 26. Bf1 Nf8 27. Rac1 Nh7 28. Ne2 Bh4
29. g3 Bg5 30. Kh2 Bxf4 31. gxf4 Bc6 32. Qf2 Kf7 33. Nf3 Rcg8 34. Nh4 Qh6 35.
Rxc6 Re8 36. Rec1 Kg8 37. Nxf5 Qg6 38. Nh4 Qe4 39. Ng3 Rxg3 40. Qxg3+ Kh8 41.
Rc8 1-0

[Event "AUTO-ADV-2028"]
[Site "http://www.queenalice.com/game.php?id=881780"]
[Date "2011.1.5"]
[Round "1"]
[White "francky78"]
[Black "celsolrc"]
[Result "0-1"]
[WhiteElo "1831"]
[BlackElo "1994"]

1. e4 e6 2. d4 d5 3. exd5 exd5 4. Be2 Bf5 5. Nf3 a6 6. O-O Nc6 7. Re1 Be7 8. a3
Nf6 9. Nc3 O-O 10. h3 Qd7 11. Bf4 Bd6 12. Bxd6 Qxd6 13. Nh4 Qd7 14. g4 Be6 15.
Bf3 Ne7 16. Ng2 Ng6 17. Be2 Rad8 18. f3 c5 19. b3 c4 20. b4 b5 21. Qd2 h6 22.
Na2 Qd6 23. f4 Ne4 24. Qe3 f5 25. c3 Qe7 26. Rac1 Nh4 27. Rf1 Nxg2 28. Kxg2 Qh4
29. Rc2 fxg4 30. hxg4 Bxg4 31. Rh1 Qf2+ 32. Qxf2 Nxf2 33. Kxf2 Bxe2 34. Rxe2
Rxf4+ 35. Ke1 Rd6 36. Kd2 g5 37. Rg2 Re6 38. Nc1 Kg7 39. Ne2 Rff6 40. Rhh2 Rg6
41. Ng3 Kf7 42. Nh5 Ke7 43. Re2 Kd6 44. Rxe6+ Rxe6 45. Ng7 Rg6 46. Nf5+ Ke6 47.
Nxh6 g4 48. Re2+ Kf6 49. Rf2+ Kg5 50. Nf7+ Kh4 51. Ne5 Rg8 52. Ke3 g3 53. Rf1 g2
54. Rg1 Kg3 55. Nf3 Re8+ 56. Ne5 Kh2 0-1

[Event "AUTO-ADV-2028"]
[Site "http://www.queenalice.com/game.php?id=881781"]
[Date "2011.1.5"]
[Round "1"]
[White "celsolrc"]
[Black "francky78"]
[Result "1-0"]
[WhiteElo "1957"]
[BlackElo "1796"]

1. e4 c5 2. Nf3 a6 3. d4 d5 4. dxc5 e6 5. exd5 exd5 6. Be3 Be6 7. c3 Qc7 8. Be2
Bxc5 9. Nd4 Bxd4 10. Bxd4 f6 11. O-O Kf7 12. Nd2 Nc6 13. Nb3 b6 14. Nd2 Nxd4 15.
cxd4 Ne7 16. Nf3 g6 17. Rc1 Qd6 18. Nd2 h5 19. f4 Nf5 20. Nf3 Ne3 21. Qd3 Nc4
22. Ne5+ 1-0

[Event "AUTO-ADV-2028"]
[Site "http://www.queenalice.com/game.php?id=881782"]
[Date "2011.1.5"]
[Round "1"]
[White "francky78"]
[Black "yodamari"]
[Result "0-1"]
[WhiteElo "1822"]
[BlackElo "1833"]

1. e4 c5 2. d4 cxd4 3. Qxd4 Nc6 4. Qd1 Nf6 5. Nc3 e6 6. Bb5 Bb4 7. Ne2 Nxe4 8.
O-O f5 9. Nxe4 fxe4 10. c3 Be7 11. Bxc6 bxc6 12. f3 exf3 13. Rxf3 d5 14. Nd4 Qd6
15. Qd3 e5 16. Nf5 Bxf5 17. Rxf5 Bf6 18. Bg5 O-O 19. Bxf6 Rxf6 20. Rxf6 Qxf6 21.
Rf1 Qe7 22. Re1 e4 23. Qd4 Re8 24. Qe3 h6 25. h3 c5 26. a3 Kh7 27. Re2 Qd6 28.
Qd2 d4 0-1

[Event "AUTO-ADV-2028"]
[Site "http://www.queenalice.com/game.php?id=881783"]
[Date "2011.1.5"]
[Round "1"]
[White "yodamari"]
[Black "francky78"]
[Result "0-1"]
[WhiteElo "1800"]
[BlackElo "1791"]

1. d4 d5 2. c4 dxc4 3. Qa4+ Nc6 4. Qxc4 Nxd4 5. e3 Nc6 6. Nf3 f6 7. Bd3 e6 8.
Nc3 Nh6 9. O-O Nf7 10. Nd4 Nxd4 11. exd4 Nd6 12. Qa4+ Bd7 13. Qc2 f5 14. d5 g6
15. Re1 Kf7 0-1

[Event "Challenge"]
[Site "http://www.queenalice.com/game.php?id=904039"]
[Date "2011.2.22"]
[Round "-"]
[White "plot24"]
[Black "francky78"]
[Result "1-0"]
[WhiteElo "1797"]
[BlackElo "1806"]

1. d4 d5 2. e3 a6 3. Bd3 Nf6 4. Nc3 Nbd7 5. Bd2 c6 6. Nf3 e6 7. O-O Be7 8. Re1
c5 9. dxc5 Bxc5 10. h3 O-O 11. e4 d4 12. Ne2 e5 13. c3 dxc3 14. Bxc3 Qb6 15. Rf1
Re8 16. Ng3 Bb4 17. Re1 Bxc3 18. bxc3 Nc5 19. Re3 Bd7 20. Rb1 Qc7 21. Nh4 g6 22.
Nf3 Rad8 23. Qc2 Ba4 24. Qd2 Nfxe4 25. Nxe4 Nxe4 26. Rxe4 Bc6 27. Ng5 Kg7 28.
Rh4 Rh8 29. Qe3 h6 30. Ne4 f5 31. Nc5 Qe7 32. Rhb4 Rb8 33. Nxa6 f4 34. Qc5 Qg5
35. Be4 Bxe4 36. Rxe4 bxa6 37. Qc7+ 1-0